Statystyki dla 50 najmniej zaludnionych państw świata

Kliknij tutaj aby rozwiązać quiz!

Ogólne statystyki

  • Ten quiz został rozwiązany 96 razy
  • Średni wynik to 34 z 50

Statystyki odpowiedzi

Liczba ludnościPaństwo% Poprawnych
1000Watykan
96%
34 682San Marino
91%
39 711Liechtenstein
89%
31 400Monako
83%
650 364Luksemburg
82%
9811Nauru
82%
85 560Andora
80%
464 186Malta
80%
11 544Tuvalu
78%
702 694Wyspy Salomona
78%
101 009Mikronezja
77%
943 737Fidżi
74%
390 164Malediwy
74%
79 906Wyspy Marshalla
74%
114 189Kiribati
73%
217 164Wyspy Świętego Tomasza i Książęca
73%
21 695Palau
72%
54 488Saint Kitts i Nevis
72%
97 017Seszele
72%
74 629Dominika
71%
302 674Barbados
70%
1 295 102Cypr
70%
596 707Republika Zielonego Przylądka
70%
1 540 558Bahrajn
68%
357 603Islandia
68%
876 437Komory
68%
308 043Vanuatu
68%
1 952 701Kosowo
66%
206 179Samoa
65%
105 517Tonga
65%
1 405 646Trynidad i Tobago
65%
100 335Antigua i Barbuda
63%
113 949Grenada
63%
100 969Saint Vincent i Grenadyny
63%
412 387Belize
62%
478 054Brunei
62%
1 308 222Mauritius
62%
167 122Saint Lucia
62%
604 966Czarnogóra
61%
1 211 524Estonia
61%
1 842 226Łotwa
61%
1 445 006Timor Wschodni
60%
355 608Bahamy
57%
789 683Bhutan
57%
957 273Dżibuti
54%
1 121 761Eswatini
51%
789 683Gujana
48%
1 679 172Gwinea Równikowa
44%
632 638Surinam
44%
2 026 778Gwinea Bissau
35%

Rozkład punktacji

Percentyl według liczby udzielonych odpowiedzi

Procent ludzi z każdym wynikiem

Twoja historia wyników

Nie rozwiązałeś tego quizu